Представление документа в формате MARC21

ПолеНазваниеЗначение
  Тип записи a
  Библиографический уровень m
001 Контрольный номер RU/URAIT/584623
005 Дата корректировки 20260429163629.7
008 Кодируемые данные 260429s2026 RU y f j 000 0 rus u
020 Индекс ISBN __
a ISBN 978-5-534-02917-8
c Цена, тираж 1939.00
040 Источник каталогиз. __
a Служба первич. каталог. ИКО Юрайт
c Служба, преобразующая запись ИКО Юрайт
e Правила каталог. RCR
041 Код языка издания __
a Код языка текста rus
044 Код страны публикации __
a Код страны публикации RU
080 Индекс УДК __
a Индекс УДК 517.9(075.8)
084 Индекс другой классификации/Индекс ББК __
2 Источник индекса rubbk
a Индекс другой классификации/Индекс ББК 22.161.6я73
100 Автор __
a Автор Полянин А. Д.
q Полное имя Полянин Андрей Дмитриевич
245 Заглавие __
a Заглавие Интегральные уравнения в 2 ч. Часть 1
b Продолж. заглавия справочник для вузов
c Ответственность А. Д. Полянин, А. В. Манжиров.
250 Сведения об издании __
g испр. и доп
a Основные сведения об издании 2-е изд.
256 Характеристики компьютерного файла __
a Характеристики компьютерного файла Электрон. дан.
260 Выходные данные __
a Место издания Москва
b Издательство Юрайт
c Дата издания 2026
300 Физическое описание __
a Объем 369 с
440 Серия __
a Серия Высшее образование
500 Примечания __
a Примечание URL: https://urait.ru/bcode/584623 (дата обращения: 29.04.2026).
520 Аннотация __
a Аннотация В справочнике рассмотрены различные виды интегральных уравнений. Особое внимание уделено уравнениям общего вида, которые зависят от произвольных функций. Представленный материал четко систематизирован. Справочник состоит из двух частей. В первой части приведено более 2200 линейных и нелинейных интегральных уравнений с решениями. Во второй части излагаются точные, асимптотические, приближенные аналитические и численные методы решения линейных и нелинейных интегральных уравнений. Для лучшего понимания описанных методов даны примеры решения.
538 Прим. о системных особенностях __
a Прим. о системных особенностях Режим доступа: Электронно-библиотечная система Юрайт, для авториз. пользователей
653 Ключевые слова __
a Ключевые слова Математический анализ
653 Ключевые слова __
a Ключевые слова Математика и статистика
653 Ключевые слова __
a Ключевые слова Дифференциальные и интегральные уравнения
653 Ключевые слова __
a Ключевые слова Интегральные уравнения
700 Другие авторы __
a Другие авторы Манжиров А. В.
q Полное имя Манжиров Александр Владимирович
856 Электронный адрес документа 40
n Местонахождение сервера Юрайт
g Электронная книга
q Тип электронного формата html
h Имя пользователя ЮРАЙТ
v Часы доступа к ресурсу 20271231
2 Способ доступа Показать документ
x Служебное примечание https://urait.ru/book/cover/6C1148E4-D2BE-4CD2-AD10-6E20A369216A
u URL https://urait.ru/bcode/584623
856 Электронный адрес документа 48
q Тип электронного формата cover
u URL https://urait.ru/book/cover/6C1148E4-D2BE-4CD2-AD10-6E20A369216A
911 __
u 0030=https://urait.ru/bcode/584623
911 __
u 073a=9785534029178
u 073d=1939.00
911 __
u 106a=s
911 __
u 900l=
952 Тип литературы __
i Дисциплина Дифференциальные и интегральные уравнения
952 Тип литературы __
i Дисциплина Интегральные уравнения